Southville International School and Colleges
Your cart is empty.
  • Cart
  • Lists
    Public lists Eva Luna New books Lux_list list_1
    Your lists Log in to create your own lists
  • Log in to your account
  • Your cookies
  • Search history
Southville International School and Colleges
  • Advanced search
  • Recent comments
  • Most popular
  • Libraries

Log in to your account

Log in with GOOGLE


If you do not have an external account, but do have a local account, you can still log in:

  1. Home
  2. MARC view: The Wisdom of teams :
Normal view MARC view ISBD view

The Wisdom of teams : (Record no. 356955)

[ view plain ]
MARC details
000 -LEADER
fixed length control field 00601nam a2200217Ia 4500
008 - FIXED-LENGTH DATA ELEMENTS--GENERAL INFORMATION
fixed length control field 180523s9999 xx 000 0 und d
020 ## - INTERNATIONAL STANDARD BOOK NUMBER
International Standard Book Number 0-07-113439-5
050 ## - LIBRARY OF CONGRESS CALL NUMBER
Classification number MAIN HD 66
050 ## - LIBRARY OF CONGRESS CALL NUMBER
Item number .K38 1993
100 ## - MAIN ENTRY--PERSONAL NAME
Personal name Katzenbach, Jon R.
245 #4 - TITLE STATEMENT
Title The Wisdom of teams :
245 #0 - TITLE STATEMENT
Remainder of title creating the high-performance organization /
245 #0 - TITLE STATEMENT
Statement of responsibility, etc Jon R. Katzenbach, Douglas K. Smith.
260 ## - PUBLICATION, DISTRIBUTION, ETC. (IMPRINT)
Place of publication, distribution, etc New York :
260 ## - PUBLICATION, DISTRIBUTION, ETC. (IMPRINT)
Name of publisher, distributor, etc McGraw-Hill,
260 ## - PUBLICATION, DISTRIBUTION, ETC. (IMPRINT)
Date of publication, distribution, etc 1993
300 ## - PHYSICAL DESCRIPTION
Extent 291 pages :
300 ## - PHYSICAL DESCRIPTION
Dimensions 23 cm.
500 ## - GENERAL NOTE
General note Includes bibliographical references and index.
650 ## - SUBJECT ADDED ENTRY--TOPICAL TERM
Topical term or geographic name as entry element Work groups.
Holdings
Withdrawn status Lost status Damaged status Home library Current library Shelving location Date acquired Cost, normal purchase price Total Checkouts Full call number Barcode Date last seen Price effective from Koha item type
      South Mansfield College South Mansfield College   09/13/2005 99.95   MAIN HD 66 .K38 1993 SMC02777 05/23/2018 05/23/2018  

The Wisdom of teams :

APA

Katzenbach J. R., .The Wisdom of teams. New York: .

Chicago

Katzenbach Jon R, .The Wisdom of teams. New York: .

Harvard

Katzenbach J. R., .The Wisdom of teams. New York: .

MLA

Katzenbach Jon R, .New York: . .

  • Place hold
  • Print
  • Cite
  • Add to your cart (remove)
  • Save record
    BIBTEX Dublin Core MARCXML MARC (non-Unicode/MARC-8) MARC (Unicode/UTF-8) MARC (Unicode/UTF-8, Standard) MODS (XML) RIS
  • More searches
    Search for this title in:
    Other Libraries (WorldCat) Other Databases (Google Scholar) Online Stores (Bookfinder.com) Open Library (openlibrary.org)

Exporting to Dublin Core...

SOUTHVILLE LIBRARY

Southville International School and Colleges Library

1281 Tropical Ave. Cor. Luxembourg St., BF Homes International, Las Pinas City

Tel. No. 8256374 / 252358 Loc. 117/146

Powered by Koha